000 01326cam a2200313 a 4500
999 _c328665
_d328665
001 4945194
003 Nust
005 20170412172404.0
008 960724s1996 dcua b 000 0 eng
010 _a 96033292
020 _a0821336819
040 _aDLC
_cDLC
_dDLC
043 _ad------
050 0 0 _aHD1702
_b.R58 1996
082 0 0 _a363.61091724 RIV
_220
100 1 _aRivera, Daniel,
_d1958-
245 1 0 _aPrivate sector participation in the water supply and wastewater sector :
_blessons from six developing countries /
_cDaniel Rivera.
260 _aWashington, D.C. :
_bWorld Bank,
_cc1996.
300 _axiii, 83 p. :
_bill. ;
_c23 cm.
490 1 _aDirections in development
500 _aP.B
504 _aIncludes bibliographical references (p. 81-83).
650 0 _aWater-supply
_zDeveloping countries
_xPlanning
_xCase studies.
650 0 _aSewage disposal
_zDeveloping countries
_xPlanning
_xCase studies.
650 0 _aPrivatization
_zDeveloping countries
_xCase studies.
830 0 _aDirections in development (Washington, D.C.)
906 _a7
_bcbc
_corignew
_d1
_eocip
_f19
_gy-gencatlg
942 _2ddc
_cBK
_k363.61091724 RIV